| 000 | 00403nam a2200145 a 4500 | ||
|---|---|---|---|
| 005 | 20260322212042.0 | ||
| 008 | data | ||
| 020 | _a9780471375685 | ||
| 092 | _a513.2 I373 2000 | ||
| 100 | 1 | _aIfrah, Georges | |
| 245 | 1 | 4 |
_aThe universal history of numbers : _bfrom prehistory to the invention of the computer _cGeorges Ifrah. |
| 260 |
_aNew York _bJohn Wiley _c2000 |
||
| 650 | 0 |
_aNumeration _xHistory |
|
| 001 | data | ||
| 999 |
_c984 _d984 |
||